000 00277nam a2200109Ia 4500
008 231212s1979 xx 000 0 und d
041 _aeng
082 _a620
100 _aFeckrich Burche
245 _aPromblems In Practical Physics
260 _aSingapoure
_bMir Publisher
_c1979
999 _c957203
_d957203